| 000 | 01549nam a2200253 4500 | ||
|---|---|---|---|
| 040 | _cNSHS | ||
| 082 |
_a297.82095675 _bTAY |
||
| 100 |
_aṬayyib, Ḥakīm-ul-Islām Ḥaẓrat Mawlānā Muḥammad _9129850 |
||
| 245 |
_aShahīd-i Karbalā aur Yazīd / _cḤakīm-ul-Islām Ḥaẓrat Mawlānā Muḥammad Ṭayyib. |
||
| 246 | _aShaheed-e-Karbala aur Yazeed | ||
| 246 | _aShahid-i Karbala aur Yazid | ||
| 246 | _aShaheed-i-Karbala aur Yazid | ||
| 246 | _aShahid-e-Karbala aur Yazid | ||
| 260 |
_aLāhaur: _bIdārah-yi Islāmiyāt, _c1976 |
||
| 300 | _a205 pagees. | ||
| 500 | _aDC010725 | ||
| 500 | _aReligion | ||
| 520 | _a"Shaheed-e-Karbala aur Yazeed" ek tareekhi aur dīnī mutāla‘a hai jo waqi‘a Karbala ke markazi kirdaar Imam Hussain (R.A.) ki shahadat aur Yazeed bin Mu‘awiyah ki hukoomat ke pas manzar par roshni dalta hai. Yeh kitaab is pechida aur dardnaak waqi‘e ko sirf ek jangi tasadum ke tor par nahi, balki haqq aur baatil ke darmiyan ek roohani ma‘rakah ke tor par pesh karti hai. Imam Hussain (R.A.) ne zulm ke aage sar jhukaane ke bajaye shahadat ko tarjeeh di, jabke Yazeed ko aise hukmaran ke tor par dikhaya gaya hai jo Islam ke asal usoolon se hat gaya tha. Kitaab mein dono kirdaron ka muqabla is andaz se kiya gaya hai jo qari ko sochnay par majboor karta hai ke asal Islam kis taraf tha. | ||
| 546 | _aIn Urdu. | ||
| 650 | 0 |
_aKarbalāʼ, Battle of, Karbalāʼ, Iraq, 680. _9130060 |
|
| 650 | 0 |
_aShīʻah _xHistory. _9130061 |
|
| 942 |
_2ddc _cBK |
||
| 999 |
_c614379 _d614379 |
||